International construction costs report (Record no. 114551)

MARC details
000 -LEADER
fixed length control field 01140cad a22001935a 4500
001 - CONTROL NUMBER
control field L157029
008 - FIXED-LENGTH DATA ELEMENTS--GENERAL INFORMATION
fixed length control field 120814s2012 xxk 000 0 eng d
035 ## - SYSTEM CONTROL NUMBER
System control number (Sirsi) u157029
041 0# - LANGUAGE CODE
Language code of text/sound track or separate title eng
110 2# - MAIN ENTRY--CORPORATE NAME
Corporate name or jurisdiction name as entry element EC Harris
9 (RLIN) 4930
245 00 - TITLE STATEMENT
Title International construction costs report
Remainder of title summary
Medium [electronic resource]
260 ## - PUBLICATION, DISTRIBUTION, ETC.
Place of publication, distribution, etc. [S.l.]
Name of publisher, distributor, etc. ECHarris
Date of publication, distribution, etc. 2012
520 ## - SUMMARY, ETC.
Summary, etc. The full report is an annual study which benchmarks building costs in 53 countries. Highlights from the report include economic turbulence within the Eurozone resulting in lower construction costs across region, markets focusing on infrastructure-based development seeing higher construction costs, countries recovering from natural disasters all seeing building become more expensive, and commodity prices return to previous price levels set to increase viability of some major projects.
590 ## - LOCAL NOTE (RLIN)
Local note KA NTK
651 #4 - SUBJECT ADDED ENTRY--GEOGRAPHIC NAME
Geographic name International
690 ## - LOCAL SUBJECT ADDED ENTRY--TOPICAL TERM (OCLC, RLIN)
Topical term or geographic name as entry element Construction management
9 (RLIN) 6230
856 40 - ELECTRONIC LOCATION AND ACCESS
Uniform Resource Identifier <a href="https://www.echarris.com/reference/news/construction%20costs%20and%20global.aspx">https://www.echarris.com/reference/news/construction%20costs%20and%20global.aspx</a>
Public note View the summary and see how to purchase the full report here www.echarris.com
942 ## - ADDED ENTRY ELEMENTS (KOHA)
Suppress in OPAC 0
Holdings
Withdrawn status Lost status Source of classification or shelving scheme Damaged status Not for loan Home library Current library Shelving location Date acquired Total Checkouts Full call number Barcode Date last seen Copy number Price effective from Koha item type
    Dewey Decimal Classification     Virtual Virtual Online 14/08/2012   ONLINE PUBLICATION 157029-2001 06/08/2019 1 06/08/2019 Book